| Tag |
First Indicator |
Second Indicator |
Subfields |
| LEADER |
00000cam a2200000 a 4500 |
| 001 |
in00003416421 |
| 005 |
20151206085132.0 |
| 008 |
121214s2013 enka b 001 0 eng d |
| 020 |
|
|
|a 9781846318931
|
| 020 |
|
|
|a 1846318939
|
| 035 |
|
|
|a (OCoLC)ocn822018106
|
| 040 |
|
|
|a ERASA
|c ERASA
|d YDX
|d CDX
|d YNK
|d QGK
|d ERL
|d FDA
|d TXA
|d UtOrBLW
|
| 049 |
|
|
|a TXAM
|
| 082 |
0 |
|
|a 305.407
|
| 090 |
|
|
|a N72.F45
|b P62 2013
|
| 245 |
0 |
0 |
|a Politics in a glass case :
|b feminism, exhibition cultures and curatorial transgressions /
|c edited and with an introduction by Angela Dimitrakaki and Lara Perry.
|
| 264 |
|
1 |
|a Liverpool :
|b Liverpool University Press,
|c 2013.
|
| 300 |
|
|
|a xvi, 293 pages :
|b illustrations ;
|c 25 cm.
|
| 336 |
|
|
|a text
|b txt
|2 rdacontent
|
| 337 |
|
|
|a unmediated
|b n
|2 rdamedia
|
| 338 |
|
|
|a volume
|b nc
|2 rdacarrier
|
| 490 |
1 |
|
|a Value, art, politics ;
|v 7
|
| 504 |
|
|
|a Includes bibliographical references (pages [271]-288) and index.
|
| 520 |
|
|
|a What happens to art when feminism grips the curatorial imagination? How do sexual politics become realised as exhibits? Is the struggle against gender discrimination compatible with the aspirations of museums led by market values? Beginning with the feminist critique of the art exhibition in the 1970s and concluding with reflections on intersectional curating and globalisation after 2000, this pioneering collection offers an alternative narrative of feminism's impact on art. The essays provide rigorous accounts of developments in Scandinavia, estern and southern Europe as well as the United Kingdom and the United States, framed by an introduction which offers a politically engaging navigation of historical and current positions. Delivered through essays, memoirs and interviews, discussion highlights include the Tate Modern hang, relational aesthetics, the global exhibition, feminism and technology in the museum, the rise of curatorial collectivism and insights into major exhibitions such as Gender Check on Eastern Europe.
|
| 650 |
|
0 |
|a Feminism and art.
|
| 700 |
1 |
|
|a Dimitrakaki, Angela,
|d 1968-
|
| 700 |
1 |
|
|a Perry, Lara.
|
| 830 |
|
0 |
|a Value, art, politics ;
|v 7.
|
| 945 |
|
|
|a PromptCat
|
| 948 |
|
|
|a cataloged
|b h
|c 2013/10/1
|d c
|e dmitchel
|f 3:20:10 pm
|
| 994 |
|
|
|a C0
|b TXA
|
| 999 |
|
|
|a MARS
|
| 999 |
f |
f |
|s 5c9fb007-5b63-3c8b-b1ca-66aeded8c8a4
|i 3f064f47-4d06-34a6-908a-08b0711c939d
|t 0
|
| 952 |
f |
f |
|p normal
|a Texas A&M University
|b College Station
|c Sterling C. Evans Library
|d Evans: Library Stacks
|t 0
|e N72.F45 P62 2013
|h Library of Congress classification
|i unmediated -- volume
|m A14840629207
|
| 998 |
f |
f |
|a N72.F45 P62 2013
|t 0
|l Evans: Library Stacks
|